00410 2200169 4500001002100000008004100021035002000062082000800082084001400090100002100104245003800125250000600163260003300169300001200202650001400214990001200228INLIS000000000000464 ind  a0010-0424000440 a700 a700 DIN t aDinas Pendidikan aTembang DolanancDinas Pendidikan a1 aJawa Tengah :bPandawa Group a170 hlm aNon Fiksi a0722649